Miscellaneous Quiz / First Letter Appearance Only

Random Miscellaneous or Letter Quiz

Results

Quiz Updated Mar 19, 2012

Challenge
Share
Tweet
Embed
Score 0/40 Timer 08:00
1 Play Today
% Correct
Abraham Lincoln
93.8%
Woodrow Wilson
89.1%
Barack Obama
88.9%
Theodore Roosevelt
88.7%
The Rolling Stones
87.5%
Grover Cleveland
85.6%
Million Dollar Baby
83.2%
Casablanca
81.6%
Barenaked Ladies
80.5%
Herbert Hoover
76%
Colorado Rockies
75%
Seattle Seahawks
74.5%
Driving Miss Daisy
74.5%
West Side Story
72.9%
Miami Heat
72.5%
Warren G. Harding
64.5%
No Country for Old Men
64%
Savage Garden
62.1%
Millard Fillmore
61.7%
Chester A. Arthur
59.5%
% Correct
Def Leppard
59.2%
Philadelphia Phillies
58.8%
Dallas Stars
58.4%
The Temptations
56.4%
William Henry Harrison
55.1%
Tennessee Titans
50.5%
Vancouver Canucks
48.3%
Milli Vanilli
44.7%
Toronto Raptors
40.3%
Bananarama
39%
You Can't Take It with You
36.5%
Ottawa Senators
35.9%
It Happened One Night
30.4%
Los Angeles Angels of Anaheim
26.5%
An American in Paris
25.5%
Starland Vocal Band
25.3%
A Man for All Seasons
21%
Kajagoogoo
20%
Tony Orlando and Dawn
19.8%
Gentleman's Agreement
8.1%
 
Number % Answered
40 (all)
1.2%
35-39
9.7%
30-34
17%
25-29
20.1%
20-24
18.5%
15-19
13.8%
10-14
9.1%
5-9
6.1%
1-4
4.5%

You're not logged in!

Compare scores with friends on all Sporcle quizzes.
Sign Up with Email
OR
Log In

You Might Also Like...

Show Comments

Extras


Your Account Isn't Verified!

In order to create a playlist on Sporcle, you need to verify the email address you used during registration. Go to your Sporcle Settings to finish the process.